| Tag |
First Indicator |
Second Indicator |
Subfields |
| LEADER |
00000cam a22000004a 4500 |
| 001 |
in00002520708 |
| 005 |
20151111075037.0 |
| 008 |
090806s2009 nyuab b 001 0 eng |
| 010 |
|
|
|a 2009031695
|
| 020 |
|
|
|a 9780773438903
|
| 020 |
|
|
|a 0773438904
|
| 035 |
|
|
|a (OCoLC)ocn429026726
|
| 035 |
|
|
|a (OCoLC)429026726
|
| 040 |
|
|
|a DLC
|c DLC
|d YDX
|d BTCTA
|d YDXCP
|d UtOrBLW
|
| 043 |
|
|
|a a-cc---
|
| 049 |
|
|
|a TXAM
|
| 050 |
0 |
0 |
|a GT3283.A3
|b S523 2009
|
| 082 |
0 |
0 |
|a 393/.9095114
|2 22
|
| 100 |
1 |
|
|a Zhou, Shaoming.
|
| 245 |
1 |
0 |
|a Funeral rituals in Eastern Shandong, China :
|b an anthropological study /
|c Zhou Shaoming ; with a foreword by David Holm.
|
| 264 |
|
1 |
|a Lewiston, N.Y. :
|b Edwin Mellen Press,
|c 2009.
|
| 300 |
|
|
|a iv, 279 pages :
|b illustrations, maps ;
|c 24 cm.
|
| 336 |
|
|
|a text
|b txt
|2 rdacontent
|
| 337 |
|
|
|a unmediated
|b n
|2 rdamedia
|
| 338 |
|
|
|a volume
|b nc
|2 rdacarrier
|
| 504 |
|
|
|a Includes bibliographical references (pages [267]-275) and index.
|
| 650 |
|
0 |
|a Funeral rites and ceremonies
|z China
|z Shandong Sheng.
|
| 651 |
|
0 |
|a Shandong Sheng (China)
|x Social life and customs.
|
| 938 |
|
|
|a Baker and Taylor
|b BTCP
|n BK0008511401
|
| 938 |
|
|
|a YBP Library Services
|b YANK
|n 3085992
|
| 945 |
|
|
|a PromptCat
|b 809487
|
| 946 |
|
|
|a stk
|
| 947 |
|
|
|a A14839948583
|
| 994 |
|
|
|a 92
|b TXA
|
| 948 |
|
|
|a cataloged
|b h
|d 2009/10/15
|h c
|e asalazar
|f 4:44:46 pm
|
| 999 |
|
|
|a MARS
|
| 999 |
f |
f |
|s c78c361b-ca67-3c08-957e-738b85fd99b9
|i 764387c7-8353-3d60-85ab-4d209f949daf
|t 0
|
| 952 |
f |
f |
|p normal
|a Texas A&M University
|b College Station
|c Sterling C. Evans Library
|d Evans: Library Stacks
|t 0
|e GT3283.A3 S523 2009
|h Library of Congress classification
|i unmediated -- volume
|m A14839948583
|
| 998 |
f |
f |
|a GT3283.A3 S523 2009
|t 0
|l Evans: Library Stacks
|